000 00265nam a2200109Ia 4500
008 200302s9999 xx 000 0 und d
100 _aWerner Blaser
245 _aMies Van Der Rohe- Lakeshore Drive Apartments
260 _bBirkhauser
260 _c1999
300 _a89
999 _c4465
_d4465